Gigantes del boxeo hispano : (Registro nro. 14433)

Detalles MARC
000 -LEADER
fixed length control field 00813nam a2200241 a 4500
001 - CONTROL NUMBER
control field 000002008
003 - CONTROL NUMBER IDENTIFIER
control field DO-SdBNP
005 - DATE AND TIME OF LATEST TRANSACTION
control field 20230719110447.0
008 - FIXED-LENGTH DATA ELEMENTS--GENERAL INFORMATION
fixed length control field 090630s2008 dr a r 000 0cspa d
040 ## - CATALOGING SOURCE
Original cataloging agency DO-SdBNP
Language of cataloging spa
Transcribing agency BPMSU
082 #4 - DEWEY DECIMAL CLASSIFICATION NUMBER
Classification number 796.83
Item number N714g 2008
Edition number 22
100 1# - MAIN ENTRY--PERSONAL NAME
Personal name Nina Gómez, Carlos
100 z# - MAIN ENTRY--PERSONAL NAME
Personal name Gómez, Carlos Nina
245 10 - TITLE STATEMENT
Title Gigantes del boxeo hispano :
Remainder of title ¿quiénes han sido los mejores? /
Statement of responsibility, etc. Carlos Nina Gómez ; prólogo Heriberto Morrison.
260 ## - PUBLICATION, DISTRIBUTION, ETC. (IMPRINT)
Place of publication, distribution, etc. Santo Domingo :
Name of publisher, distributor, etc. Amigo del Hogar,
Date of publication, distribution, etc. 2008.
300 ## - PHYSICAL DESCRIPTION
Extent 391 p. :
Other physical details il. ;
Dimensions 23 cm.
590 ## - LOCAL NOTE (RLIN)
Local note Inventariado, 2023/VM
650 #4 - SUBJECT ADDED ENTRY--TOPICAL TERM
Topical term or geographic name as entry element Boxeadores
Geographic subdivision América Latina
Form subdivision Biografías
650 #4 - SUBJECT ADDED ENTRY--TOPICAL TERM
Topical term or geographic name as entry element Boxeo
Geographic subdivision América Latina
700 1# - ADDED ENTRY--PERSONAL NAME
Personal name Morrison, Heriberto,
Relator term pról.
910 ## - USER-OPTION DATA (OCLC)
User-option data VMateo V. Control de calidad. BPMSU
942 ## - ADDED ENTRY ELEMENTS (KOHA)
Source of classification or shelving scheme Dewey Decimal Classification
Koha item type Libros
Existencias
Withdrawn status Lost status Source of classification or shelving scheme Damaged status Not for loan Collection code Home library Current library Date acquired Total Checkouts Full call number Barcode Date last seen Price effective from Koha item type
    Dewey Decimal Classification     Colección Dominicana Biblioteca Pública Metropolitana Salomé Ureña Biblioteca Pública Metropolitana Salomé Ureña 07/19/2023   BPMSU CD 796.83 N714g 2008 BPMSU23070046 07/19/2023 07/19/2023 Libros